| 000 | 00953nam a22002415i 4500 | ||
|---|---|---|---|
| 001 | 161215 | ||
| 003 | ES-MaACL | ||
| 005 | 20250809035227.0 | ||
| 008 | 940301m18481849sp |||| | spa d | ||
| 080 | _a343(460)"1848"(094.4) | ||
| 100 | 1 |
_aPacheco, Joaquín Francisco, _d1808-1865 _988121 |
|
| 245 | 1 | 3 |
_aEl Código penal concordado y comentado / _cpor Francisco Joaquin Pacheco. |
| 260 |
_aMadrid : _b[s.n.], _c1848-1849 ( _fImp. de Santiago Saunaque) |
||
| 300 |
_a3 v. ; _c23 cm. |
||
| 530 | _aDisponible en formato digital. | ||
| 610 | 1 | 4 |
_aEspaña. _tCódigo penal, 1848. _9152618 |
| 650 | 4 |
_aDerecho penal- _zEspaña _911752 |
|
| 700 | 1 |
_aSaunaque, Santiago. _9132498 |
|
| 710 | 1 |
_aEspaña. _tCódigo penal, 1848. _9152618 |
|
| 852 | 4 |
_aES-MaACL _jE-13091-93 _z- Enc. hol. _z- Legado M. de la Fuente |
|
| 856 | 4 |
_uhttp://bdh-rd.bne.es/viewer.vm?id=0000042060&page=1 _zBiblioteca Digital Hispánica |
|
| 999 |
_c161215 _d161215 |
||